00594nam a2200193 a 4500008004100000020002200041100001900063245008300082260003300165300002400198500002000222504004100242650002100283650004400304650002500348003000100373005001700374040000900391  a0749426691 (pbk.)1 aWyburd, Giles.10aCompetitive and ethical? :bhow business can strike a balance /cGiles Wyburd. aLondon :bKogan Page,c1998. ax, 182 p. ;c24 cm. aIncludes index. aIncludes bibliographical references. 0aBusiness ethics. 0aCompetitionxMoral and ethical aspects. 0aSuccess in business.20230123133459.0 cNUST